DESIGN AND STUDY OF FLAPPING MECHANISM WITH ASYMMETRIC FREQUENCIES / (Record no. 525226)
[ view plain ]
| 000 -LEADER | |
|---|---|
| fixed length control field | 00573nam a22002057a 4500 |
| 003 - CONTROL NUMBER IDENTIFIER | |
| control field | NUST |
| 015 ## - NATIONAL BIBLIOGRAPHY NUMBER | |
| Qualifying information | Hard Cover. |
| 028 ## - PUBLISHER NUMBER | |
| Publisher number | CEME -NUST, |
| 038 ## - RECORD CONTENT LICENSOR | |
| Staff Name | Mr. Zahoor |
| 050 ## - LIBRARY OF CONGRESS CALL NUMBER | |
| Classification number | 620.1 |
| 082 ## - DEWEY DECIMAL CLASSIFICATION NUMBER | |
| Classification number | 620.1 |
| 100 ## - MAIN ENTRY--PERSONAL NAME | |
| Personal name | Sohail, Iqbal |
| 9 (RLIN) | 15971 |
| 245 ## - TITLE STATEMENT | |
| Title | DESIGN AND STUDY OF FLAPPING MECHANISM WITH ASYMMETRIC FREQUENCIES / |
| Statement of responsibility, etc. | Sohail Iqbal |
| 260 ## - PUBLICATION, DISTRIBUTION, ETC. | |
| Place of publication, distribution, etc. | Islamabad : |
| Name of publisher, distributor, etc. | CEME- NUST, |
| Date of publication, distribution, etc. | 2012. |
| 300 ## - PHYSICAL DESCRIPTION | |
| Extent | viii, 64 p. : ill. ; |
| Dimensions | 30cm. |
| 500 ## - GENERAL NOTE | |
| General note | Hardcover. |
| 600 ## - SUBJECT ADDED ENTRY--PERSONAL NAME | |
| Source of heading or term | Mechanical Engineering - MS Thesis. |
| 700 ## - ADDED ENTRY--PERSONAL NAME | |
| Personal name | Dr. Afzal Malik. |
| 9 (RLIN) | 29302 |
| 942 ## - ADDED ENTRY ELEMENTS (KOHA) | |
| Koha item type | Thesis |
| Source of classification or shelving scheme | |
| Withdrawn status | Lost status | Source of classification or shelving scheme | Damaged status | Not for loan | Permanent Location | Current Location | Shelving location | Date acquired | Total Checkouts | Full call number | Barcode | Date last seen | Price effective from | Koha item type |
|---|---|---|---|---|---|---|---|---|---|---|---|---|---|---|
| Central Library (CL) | Central Library (CL) | Thesis | 08/06/2020 | 620.1 | CL-T-257 | 08/06/2020 | 08/06/2020 | Thesis |
